|
|
|
|
| LEADER |
00000cas a2200000 c 4500 |
| 001 |
506285928 |
| 003 |
DE-627 |
| 005 |
20230401122114.0 |
| 007 |
tu |
| 008 |
060125c20049999xxkz| p| 0 |0eng c |
| 016 |
7 |
|
|a 978175484
|2 DE-101
|
| 016 |
7 |
|
|a 2218072-2
|2 DE-600
|
| 035 |
|
|
|a (DE-627)506285928
|
| 035 |
|
|
|a (DE-576)252013352
|
| 035 |
|
|
|a (DE-599)ZDB2218072-2
|
| 035 |
|
|
|a (OCoLC)1366479337
|
| 040 |
|
|
|a DE-627
|b ger
|c DE-627
|e rakwb
|
| 041 |
|
|
|a eng
|
| 044 |
|
|
|c XA-GB
|
| 082 |
0 |
4 |
|a 340
|q DE-600
|
| 110 |
2 |
|
|a Großbritannien
|b National Criminal Intelligence Service Authority
|e Verfasser
|0 (DE-588)10125018-6
|0 (DE-627)506474658
|0 (DE-576)252007794
|4 aut
|
| 245 |
1 |
0 |
|a Service Authority for NCIS annual report, NCIS annual report, Statement of accounts
|c NCIS, National Criminal Intelligence Service
|
| 247 |
1 |
0 |
|a Annual report and statement of accounts / National Criminal Intelligence Service Authority
|f Hauptsacht. 2003/2004
|
| 247 |
1 |
0 |
|a Statement of accounts for NCIS
|f Nebent. 2004/05
|
| 264 |
3 |
1 |
|a London
|b Stationery Office
|c 2004-
|
| 336 |
|
|
|a Text
|b txt
|2 rdacontent
|
| 337 |
|
|
|a ohne Hilfsmittel zu benutzen
|b n
|2 rdamedia
|
| 338 |
|
|
|a Band
|b nc
|2 rdacarrier
|
| 362 |
0 |
|
|a Nachgewiesen 2003/04(2004) -
|
| 363 |
0 |
1 |
|i 2003/04
|
| 591 |
|
|
|a Kopie
|
| 655 |
|
7 |
|a Zeitschrift
|0 (DE-588)4067488-5
|0 (DE-627)10454466X
|0 (DE-576)20917000X
|2 gnd-content
|
| 710 |
2 |
|
|a National Criminal Intelligence Service
|g London
|e Herausgebendes Organ
|0 (DE-588)10191141-5
|0 (DE-627)557056888
|0 (DE-576)276251059
|4 isb
|
| 935 |
|
|
|a mkri
|
| 951 |
|
|
|a JT
|
| ELC |
|
|
|b 1
|
| LOK |
|
|
|0 000 xxxxxcy a22 3n 4500
|
| LOK |
|
|
|0 001 2504935129
|
| LOK |
|
|
|0 003 DE-627
|
| LOK |
|
|
|0 004 506285928
|
| LOK |
|
|
|0 005 20140410090855
|
| LOK |
|
|
|0 008 060120||||||||||||||||ger|||||||
|
| LOK |
|
|
|0 035
|a (DE-600)112665608
|
| LOK |
|
|
|0 040
|a DE-Frei85
|c DE-627
|d DE-Frei85
|
| LOK |
|
|
|0 092
|o n
|
| LOK |
|
|
|0 852
|8 1
|
| LOK |
|
|
|0 852
|a DE-Frei85
|
| LOK |
|
|
|0 852 1
|9 00
|
| LOK |
|
|
|0 85900
|8 1.1
|i 2003/04
|
| LOK |
|
|
|0 85910
|8 1.2
|i 2004/05
|
| LOK |
|
|
|0 86630
|a 2003/04 - 2004/05
|
| LOK |
|
|
|0 939
|a 20-01-06
|b z01
|
| ORI |
|
|
|a SA-MARC-krimdoka001.raw
|